000 00548nam a2200229Ia 4500
003 OSt
005 20220918204342.0
006 a|||||r|||| 00| 0
007 ta
008 220917b |||||||| |||| 00| 0 eng d
024 _a112,297
037 _cTextual
040 _aARTS
_cARTS
_beng
041 _2eng
_aeng
082 _aV5:1:D9, H0-;1
100 _aPireune
_9111720
245 0 _aMohammed and Charlemay
260 _c1940
650 _aHISTORY
942 _hV5:1:D9, H0-;1
_cTEXL
_2CC
999 _c235646
_d235646